|
|
|
|
| LEADER |
00000nam0a2200000 4500 |
| 001 |
237852 |
| 005 |
20231031204948.0 |
| 035 |
|
|
|a (RuTPU)RU\TPU\book\259029
|
| 035 |
|
|
|a RU\TPU\book\220310
|
| 090 |
|
|
|a 237852
|
| 100 |
|
|
|a 20130517d1910 m y0rusy50 ca
|
| 101 |
1 |
|
|a rus
|c ger
|
| 102 |
|
|
|a RU
|
| 105 |
|
|
|a a z 000zy
|
| 200 |
1 |
|
|a Регулирование двигателей
|f М. Толле
|g пер. с нем. инж.-мех. Е. Я. Вайна
|
| 210 |
|
|
|a Санкт-Петербург
|c Книгоиздательство "Прогресс"
|d 1910
|
| 215 |
|
|
|a 151 с.
|c С 117 чертежами и 4 отд. таблицами
|
| 610 |
1 |
|
|a регуляторы
|
| 610 |
1 |
|
|a двигатели
|
| 610 |
1 |
|
|a регулирование
|
| 610 |
1 |
|
|a статика
|
| 610 |
1 |
|
|a динамика
|
| 610 |
1 |
|
|a устройство
|
| 610 |
1 |
|
|a расчет
|
| 675 |
|
|
|a 621.4
|v 3
|
| 700 |
|
1 |
|a Толле
|b М.
|g Макс
|
| 702 |
|
1 |
|a Вайн
|b Е. Я.
|4 730
|
| 801 |
|
1 |
|a RU
|b 63413507
|c 20111006
|
| 801 |
|
2 |
|a RU
|b 63413507
|c 20130517
|g RCR
|
| 942 |
|
|
|c BK
|